000 00301nam a2200109Ia 4500
008 200302s9999 xx 000 0 und d
100 _aTheresa Coleman
245 _aThe Complete Guide To Custom Shelves & Built--Ins
260 _bCreative Publishing International Inc
260 _c2007
300 _a238 P
999 _c4897
_d4897